000 00798nas a2200265 i 4500
001 812
003 ES-MaACL
005 20250718150754.0
007 t|
008 950801c18321937fr | | 1 ||re d
080 _a44
245 0 3 _aLe Charivari / dir. Ch. Philipon.
260 _aParis :
_bImp. de Gregoire,
_c1832-1937 (
_fLevè)
300 _a92 v. :
_bil., grab. ;
_c38, 45 y 32 cm.
310 _aDiaria
362 0 _aAño I (1832)-1937.
650 1 4 _aPeriódicos
_915941
700 1 _aPhilipon, Ch,
_9226330
700 1 _aVéron, Pierre.
_9133849
700 1 _aBettex, R. de,
_9226331
852 _aES-MaACL
_jZ-39
_dOlim: Hem-48
866 0 _o(1837 f. 1-16 en.) (1938 f. 1-12 en.)1839-41 (1842) 1843-44 (1845)1846, 1874-1909 (1910).
942 _2udc
999 _c812
_d812